Schaum's outline of theory and problems of cost accounting
Αποθηκεύτηκε σε:
| Κύριος συγγραφέας: | |
|---|---|
| Άλλοι συγγραφείς: | |
| Μορφή: | Βιβλίο |
| Γλώσσα: | English |
| Δημοσίευση: |
New York :
McGraw-Hill,
c1978
|
| Σειρά: | Schaum's outline series in accounting
|
| Θέματα: | |
| Ετικέτες: |
Προσθήκη ετικέτας
Δεν υπάρχουν, Καταχωρήστε ετικέτα πρώτοι!
|
MARC
| LEADER | 00000cam a2200000 i 4500 | ||
|---|---|---|---|
| 001 | 1/59621 | ||
| 008 | 960410s1978 eng d | ||
| 020 | |a 0070102031 |c $4.95 | ||
| 035 | |l 10028572 | ||
| 040 | |a GR-MY-UA |b gre |e aacr | ||
| 041 | 0 | |a eng | |
| 082 | 0 | |a 657.42 |2 (19) | |
| 100 | 1 | |a Cashin, James A. | |
| 245 | 1 | 0 | |a Schaum's outline of theory and problems of cost accounting / |c by James A. Cashin and Ralph S. Polimeni |
| 246 | 3 | 3 | |a Outline of theory and problems of cost accounting |
| 260 | |a New York : |b McGraw-Hill, |c c1978 | ||
| 300 | |a 228 p.; |b ill.; |c 28 cm | ||
| 490 | 1 | |a Schaum's outline series in accounting | |
| 500 | |a Includes index | ||
| 650 | 0 | 0 | |a Cost accounting |x Problems, exercises, etc. |
| 700 | 1 | |a Polimeni, Ralph S. | |
| 830 | 0 | |a Schaum's outline series in accounting | |
| 852 | |a INST |b CHIOS |e 19960410 |h 657.42 CAS |p 005200000373 |q 005200000373 |t BK |y 0 | ||
| 901 | |a BIBL2-1996-1 | ||
| 909 | |a Χ |b 000788 | ||